000 01185cam a2200349 a 4500
999 _c16207
_d16207
001 13969259
003 OSt
005 20200206154116.0
008 050203s2005 ii a b 000 0 hino
010 _a 2005312430
020 _a817721070X
025 _aI-H-2005-312430; 21
035 _a(DLC) 2005312430
037 _bLibrary of Congress -- New Delhi Overseas Office
_cRs175.00
040 _aDLC
_cDLC
042 _alcode
043 _aa-ii---
050 0 0 _aDS481.G3
_bK2546 2005
082 _a891.437
_bKAM/C
100 1 _aKāmaṛe, Śivānanda,
_d1960-
_91875
245 1 0 _aKārṭūnoṃ meṃ Gāndhī /
_cŚivānanda Kāmaṛe.
250 _aSaṃskaraṇa 1.
260 _aDillī :
_bSatsāhitya Prakāśana,
_c2005.
300 _a167, [1] p. :
_bill. ;
_c22 cm.
504 _aIncludes bibliographical references (p. [168]).
520 _aCartoons on Mahatma Gandhi, 1869-1948, statesman.
546 _aIn Hindi.
600 1 0 _aGandhi,
_cMahatma,
_d1869-1948
_vCaricatures and cartoons.
906 _a7
_bcbc
_corigode
_d3
_encip
_f20
_gy-gencatlg
942 _2ddc
_cBK
_h891.437
_iKAM/C
_k891.437
_mKAM/C